Länderflaggen als Kreisdiagramm #3 - Statistiken

Allgemein
  • Dieses Quiz wurde 31 mal gespielt
  • Das Durchschnittsergebnis liegt bei 11 aus 20
Antwortstatistiken
Bildquiz Antwort % Korrekt
Estland
100%
Pakistan
96%
Tschechien
96%
Ukraine
96%
Polen
88%
Armenien
77%
Mikronesien
69%
Palau
69%
Österreich
65%
Jemen
58%
Singapur
54%
Mali
50%
Italien
46%
Kuwait
46%
Kamerun
38%
Aserbaidschan
23%
Thailand
19%
Oman
12%
Südsudan
4%
Suriname
4%
Keine übereinstimmenden Quizze gefunden
Verteilung der Resultate
Anzahl Personen mit jedem Resultat
Perzentil nach korrekt beantworteten Fragen
Ihre Resultats-Entwicklung
Sie haben dieses Quiz noch nicht gespielt